000 00517nam a22001817a 4500
005 20251108164858.0
008 250721s9999 xx 000 0 ara d
082 1 4 _a811.02/ناص
100 1 _aناصيف، إميل
245 1 0 _aأروع ما قيل في الفخر و الحماسة /
264 1 _aبيروت :
_bدار الجيل،
_c[19-].
300 _a144ص
650 1 7 _aالشعر العربي
650 1 7 _aشعر الفخر
650 1 7 _aشعر الحماسة
942 _2ddc
_cBK
999 _c16499
_d16499